[Event "HUN-chT2 Barcza 0809"]
[Site "Hungary"]
[Date "2009.02.22"]
[Round "8.11"]
[White "Pasztor, Gabor"]
[Black "Lovas, David"]
[Result "1-0"]
[WhiteElo "1723"]
[BlackElo "1724"]
[PlyCount "66"]
[EventDate "2008.10.26"]
[EventType "team-tourn"]
[EventRounds "11"]
[EventCountry "HUN"]
[SourceTitle "EXT 2010"]
[Source "ChessBase"]
[SourceDate "2010.11.25"]
[SourceVersion "1"]
[SourceVersionDate "2010.11.25"]
[SourceQuality "1"]
[WhiteTeam "Hajduszoboszlo"]
[BlackTeam "SSASSE"]
[WhiteTeamCountry "HUN"]
[BlackTeamCountry "HUN"]

1. e4 c5 2. c3 Nc6 3. Nf3 e5 4. d4 cxd4 5. cxd4 Bb4+ 6. Bd2 exd4 7. Bxb4 Nxb4 8. Nxd4 Nf6 9. Nc3 0-0 10. a3 Nc6 11. Bc4 Re8 12. f3 a6 13. 0-0 Qb6 14. Nce2 Qxb2 15. Bb3 Nxd4 16. Nxd4 b5 17. Qd3 Nh5 18. g3 b4 19. axb4 a5 20. Qe3 a4 21. Rfb1 Qxb1+ 22. Rxb1 axb3 23. Qxb3 Bb7 24. Nb5 Rab8 25. Nd6 Rf8 26. Nxb7 Rxb7 27. Qd5 Nxg3 28. Qxb7 Ne2+ 29. Kf2 Nf4 30. Qxd7 Ne6 31. Rd1 Ra8 32. b5 g6 33. b6 Rf8 1-0

[Event "HUN-chT2 Barcza 0809"]
[Site "Hungary"]
[Date "2008.12.21"]
[Round "4.12"]
[White "Pasztor, Gabor"]
[Black "Veres, Mihaly"]
[Result "1-0"]
[WhiteElo "1724"]
[BlackElo "1609"]
[PlyCount "89"]
[EventDate "2008.10.26"]
[EventType "team-tourn"]
[EventRounds "11"]
[EventCountry "HUN"]
[SourceTitle "EXT 2010"]
[Source "ChessBase"]
[SourceDate "2010.11.25"]
[SourceVersion "1"]
[SourceVersionDate "2010.11.25"]
[SourceQuality "1"]
[WhiteTeam "SSASSE"]
[BlackTeam "TEVA SE"]
[WhiteTeamCountry "HUN"]
[BlackTeamCountry "HUN"]

1. e4 c5 2. Nf3 d6 3. Bc4 Bg4 4. Nc3 e6 5. h3 Bxf3 6. Qxf3 Nf6 7. e5 dxe5 8. Qxb7 Nbd7 9. Nb5 Rc8 10. Qxa7 Be7 11. Qb7 Nb6 12. Be2 0-0 13. 0-0 Nbd5 14. Nc3 Rb8 15. Qa6 Ra8 16. Qd3 Nb4 17. Qxd8 Rfxd8 18. Bd1 Nbd5 19. Bf3 Nxc3 20. dxc3 e4 21. Be2 h6 22. c4 Ra7 23. Be3 Rad7 24. Rad1 Rxd1 25. Rxd1 Rxd1+ 26. Bxd1 Nd7 27. a4 Kf8 28. c3 Ke8 29. a5 Nb8 30. Ba4+ Kd8 31. Bb5 Kc7 32. Bf4+ Kb7 33. Bxb8 Kxb8 34. Kf1 Bg5 35. Ke2 Bc1 36. b3 Bf4 37. Bc6 Bd6 38. Ke3 Be5 39. Kd2 Bf4+ 40. Kc2 e3 41. fxe3 Bxe3 42. b4 Kc7 43. b5 e5 44. Bd5 Kb8 45. b6 1-0